❔ Qui sont ces "Culottées" ? #1 (Inspiré du livre de P. Bagieu) - Statistiques

Statistiques générales
  • Ce quiz a été pris 14 fois
  • Le résultat moyen est 6 sur 15
Statistiques - réponses
Hint Extra Hint Explanation Réponse % Correct
Danseuse, résistante, mère de famille 1906 - 1975 Américaine naturalisée française. Elle reçoit plusieurs distinctions militaires, dont la Médaille de la Résistance française, la Légion d'honneur et la croix de guerre. Elle entre au Panthéon en 2021, devenant la première femme noire à y entrer. Joséphine Baker
100%
Reine du Ndongo et du Matamba 1583 - 1663 Reine du Ndongo et du Matemba (actuel Angola). Symbole national angolais Nzinga
80%
Sœurs rebelles 1924/26/35 - 1960 Les soeurs Mirabal, Patria, Minerva et Maria Teresa, opposantes à la dictature dominicaine dans les années 50. Elles sont assassinées un 25 novembre, date devenue depuis, la Journée internationale pour l'élimination de la violence à l'égard des femmes Las Mariposas
70%
Gynécologue circa 350 av J.C. L'une des premières femmes médecin de la Grèce antique Agnodice
50%
Célébrité 1926 - 1989 Première femme transgenre mondialement connue Christine Jorgensen
50%
Femme à barbe 1865 - 1939 Née dans les Vosges. Tenancière de bar française, connue dans l'entre-deux-guerres comme femme à barbe Clémentine Delait
40%
Amoureuse têtue 1820 - 1888 Hollandaise catholique du 19è siècle, opposante à la ségrégation religieuse institutionnalisée à son époque Josephina van Gorkum
40%
Peintre, créatrice de trolls 1914 - 2001 Finlandaise, créatrice, entre autres, des Moumines Tove Jansson
40%
Impératrice 624 - 705 impératrice chinoise du 7è siècle. La seule femme impératrice régnante de l'histoire de la Chine Wu Zetian
40%
Sirène 1886 - 1975 Australienne, pionnière de la natation féminine. Elle développe le maillot de bain moderne et aide à libérer le corps des femmes Annette Kellerman
30%
Actrice terrifiante 1902 - 1985
Actrice américaine connue pour son rôle de la sorcière de l'Ouest dans le film "Le Magicien d'Oz"
(A ne pas confondre avec son homonyme, une scientifique américaine connue pour son travail sur Apollo 11)
Margaret Hamilton
30%
Exploratrice 1875 - 1970 Exploratrice américaine du vingtième siècle, spécialiste de l'Afrique Delia Akeley
20%
Gardienne de phare 1908 - 2001 designeuse américaine du vingtième siècle, responsable de la sauvegarde du phare de Montauk Giorgina Reid
10%
Travailleuse sociale 1972 - Née au Libéria. Co-lauréate du prix Nobel de la paix en 2011 Leymah Gbowee
10%
Guerrière et chamane circa 1840 - 1889 Amérindienne apache du 19é siècle Lozen
10%
Aucun quiz correspondant
Distribution des résultats
% des personnes avec chaque résultat
Percentile par nombre de réponses
Votre historique - résultats
Vous n’avez pas pris ce quiz